| 000 | 00718nam a2200241Ia 4500 | ||
|---|---|---|---|
| 008 | 191130s2004##################000#0#eng## | ||
| 020 | _a9780761943648 | ||
| 022 | _a2003116441 | ||
| 040 |
_aACL _cACL |
||
| 082 | _a301.092 DEL | ||
| 245 |
_aTheodor W. Adorno _cedited by Gerard Delanty |
||
| 260 |
_aThousand Oaks, CA _bSage _c-2004 |
||
| 300 | _av. <1-4> : ill. ; 24 cm. | ||
| 500 | _aIncludes bibliographical references | ||
| 650 | _aAdorno, Theodor W., 1903-1969 | ||
| 650 | _aCriticism | ||
| 650 | _aPhilosophy, Modern - 20th century | ||
| 650 | _aSociology | ||
| 700 | _aDelanty, Gerard | ||
| 990 | _aa88292c4ac10000c3adff9373f1a60bc | ||
| 991 | _a418654 | ||
| 999 |
_c77049 _d77049 |
||